000 00295nam a2200109Ia 4500
005 20251222141942.0
008 251222s9999||||xx |||||||||||||| ||spa||
082 _a320.8/A81/T.1/Ej.2
245 0 _aDescentralización y Gobiernos Locales
264 _b Asociación Civil Transparencia
942 _cLIB
999 _c9396
_d9396